header

Saying something (Record no. 2059)

MARC details
000 -LEADER
fixed length control field 01385nam a2200349Ia 4500
082 04 - DEWEY DECIMAL CLASSIFICATION NUMBER
Classification number 781.65/136
100 1# - MAIN ENTRY--AUTHOR NAME
Personal name Monson, Ingrid T.
245 10 - TITLE STATEMENT
Title Saying something
260 ## - PUBLICATION, DISTRIBUTION, ETC. (IMPRINT)
Place of publication Chicago :
Name of publisher University of Chicago Press,
Year of publication c1996.
300 ## - PHYSICAL DESCRIPTION
Number of Pages xii, 253 p. :
Other physical details ill., music.
490 1# - SERIES STATEMENT
Series statement Chicago studies in ethnomusicology
650 #0 - SUBJECT ADDED ENTRY--TOPICAL TERM
Topical Term Jazz
Topical Term Improvisation (Music)
856 40 - ELECTRONIC LOCATION AND ACCESS
Uniform Resource Identifier http://site.ebrary.com/lib/rucke/Doc?id=10286147

No items available.

© 2026 Rongo University
Contact us: librarian | system librarian | Rongo university